| 000 | 00623nam a2200193 a 4500 | ||
|---|---|---|---|
| 005 | 20140412111244.0 | ||
| 008 | 010604s19uu xx 00 eng d | ||
| 020 | _a0-8378-5068-1 | ||
| 050 |
_aM 220.9 _bD281 1984 |
||
| 100 | _aDavidson, Alice Joyce | ||
| 245 |
_aThe story of Jonah / _cwritten by Alice Davison ; illustrated by Victoria Marshall. |
||
| 250 | _aBook Club Edition | ||
| 260 |
_aNorwalk, Connecticut : _bGrolier Enterprises, Inc, _c1984. |
||
| 300 | _a1v. (unp.) ; ill. | ||
| 440 | _aAn Alice Bibleland Storybook | ||
| 650 | _aBible stories, O.T. | ||
| 650 | _aBible character, O.T. | ||
| 999 |
_c102867 _d102867 |
||